Teaching the bright and gifted /

Bibliographic Details
Main Author: Cutts, Norma Estelle, 1892-
Other Authors: Moseley, Nicholas, 1898-
Format: Book
Language:English
Published: Englewood Cliffs, N.J. : Prentice-Hall, 1957.
Series:Prentice-Hall psychology series.
Subjects:

MARC

Tag First Indicator Second Indicator Subfields
LEADER 00000cam a22000001 4500
001 in00000056109
005 20151008052358.0
008 730522s1957 njua 00010 eng
010 |a  57008789  
035 |a (OCoLC)00188669 
035 |9 AAH3061AM 
040 |a DLC  |c DLC  |d TXA  |d UtOrBLW 
049 |a TXAM  |c [280550] 
050 0 0 |a LC3993  |b .C8 
082 0 |a 371.955 
092 |a 371.955  |b C991t 
100 1 |a Cutts, Norma Estelle,  |d 1892- 
245 1 0 |a Teaching the bright and gifted /  |c [by] Norma E. Cutts [and] Nicholas Moseley. 
264 1 |a Englewood Cliffs, N.J. :  |b Prentice-Hall,  |c 1957. 
300 |a 268 pages :  |b illustrations ;  |c 22 cm. 
336 |a text  |b txt  |2 rdacontent 
337 |a unmediated  |b n  |2 rdamedia 
338 |a volume  |b nc  |2 rdacarrier 
490 1 |a Prentice-Hall psychology series 
650 0 |a Gifted children  |x Education. 
700 1 |a Moseley, Nicholas,  |d 1898- 
830 0 |a Prentice-Hall psychology series. 
999 |a MARS 
999 f f |s d58b01ad-42d8-3649-858d-ecbd18a28f57  |i aee213f8-e215-32b9-8f25-830d18fdd4d7  |t 0 
952 f f |p normal  |a Texas A&M University  |b College Station  |c Sterling C. Evans Library  |d Evans: Library Stacks  |t 0  |e LC3993 .C8  |h Library of Congress classification  |i unmediated -- volume  |m A14800847491 
998 f f |a LC3993 .C8  |t 0  |l Evans: Library Stacks